| 000 | 00650nam a2200217 u 4500 | ||
|---|---|---|---|
| 005 | 20240815063732.0 | ||
| 008 | 180419e eu r 000 0 spa d | ||
| 020 | _a0153483601 | ||
| 035 | _aUPN01000224297 | ||
| 049 | _aI | ||
| 050 | 4 |
_aQL666 C5 _bK3.8 |
|
| 100 | 1 |
_aKahkonen, Sharon _933632 |
|
| 245 | 1 | 3 |
_aUn cuento de tortugas / _cSharon Kahkonen. |
| 260 |
_aFlorida, E.U.A. : _bHarcourt, _c201-?]. |
||
| 300 |
_a12 p. : _bil. col. |
||
| 650 | 4 |
_aTORTUGAS - _vLITERATURA INFANTIL _98591 |
|
| 650 | 4 |
_aAnimales _xHábitos y comportamiento _91059 |
|
| 650 | 7 |
_aLibros ilustrados para niños _2 _921365 |
|
| 905 | _aInfantil | ||
| 999 |
_c196394 _d196394 |
||